[Event "ESP-ch Seniors 28th"]
[Site "Santa Susanna"]
[Date "2012.05.18"]
[Round "8"]
[White "Bautista Sanchez, Joan"]
[Black "Garriga Nualart, Josep"]
[Result "1/2-1/2"]
[WhiteElo "2181"]
[BlackElo "2306"]
[PlyCount "104"]
[EventDate "2012.05.11"]
[EventType "swiss"]
[EventRounds "9"]
[EventCountry "ESP"]
[SourceTitle "CBM 148 Extra"]
[Source "ChessBase"]
[SourceDate "2012.06.22"]
[SourceVersion "1"]
[SourceVersionDate "2012.06.22"]
[SourceQuality "1"]

1. Nf3 Nf6 2. c4 c5 3. g3 Nc6 4. Bg2 g6 5. Nc3 Bg7 6. d4 cxd4 7. Nxd4 0-0 8. 0-0 Nxd4 9. Qxd4 d6 10. Qd3 Rb8 11. Be3 b6 12. Bd4 Be6 13. Rac1 Qd7 14. Nd5 Nh5 15. Bxg7 Nxg7 16. b3 Rbc8 17. Rfd1 Rfd8 18. Qd2 Ne8 19. Qh6 Bxd5 20. Rxd5 Rc5 21. b4 Rxd5 22. cxd5 Rc8 23. Rc6 Rxc6 24. dxc6 Qe6 25. Qc1 Nc7 26. Qc2 b5 27. a4 Qc4 28. Qxc4 bxc4 29. Kf1 d5 30. e3 e6 31. e4 Kf8 32. e5 Ke7 33. b5 Kd8 34. Ke2 Na8 35. Kd2 Nb6 36. a5 Na4 37. Bf3 Kc7 38. Bd1 Nc5 39. Ke3 a6 40. Kd4 Nb3+ 41. Bxb3 cxb3 42. b6+ Kxc6 43. Kc3 Kb7 44. f4 h5 45. Kxb3 Kc6 46. Kb4 Kb7 47. Kc5 Kc8 48. h3 Kd7 49. g4 hxg4 50. hxg4 Kc8 51. f5 gxf5 52. gxf5 Kd7 1/2-1/2

[Event "ESP-ch Seniors 28th"]
[Site "Santa Susanna"]
[Date "2012.05.14"]
[Round "4"]
[White "Buxade Roca, Guillermo"]
[Black "Garriga Nualart, Josep"]
[Result "1/2-1/2"]
[WhiteElo "2120"]
[BlackElo "2306"]
[PlyCount "21"]
[EventDate "2012.05.11"]
[EventType "swiss"]
[EventRounds "9"]
[EventCountry "ESP"]
[SourceTitle "CBM 148 Extra"]
[Source "ChessBase"]
[SourceDate "2012.06.22"]
[SourceVersion "1"]
[SourceVersionDate "2012.06.22"]
[SourceQuality "1"]

1. c4 Nf6 2. Nc3 g6 3. g3 Bg7 4. Bg2 0-0 5. Nf3 d6 6. 0-0 Nc6 7. Rb1 a5 8. a3 e5 9. d3 h6 10. Bd2 Be6 11. e4 1/2-1/2

[Event "ESP-ch Seniors 28th"]
[Site "Santa Susanna"]
[Date "2012.05.12"]
[Round "2"]
[White "Regue Farran, Enric"]
[Black "Garriga Nualart, Josep"]
[Result "0-1"]
[WhiteElo "2065"]
[BlackElo "2306"]
[PlyCount "116"]
[EventDate "2012.05.11"]
[EventType "swiss"]
[EventRounds "9"]
[EventCountry "ESP"]
[SourceTitle "CBM 148 Extra"]
[Source "ChessBase"]
[SourceDate "2012.06.22"]
[SourceVersion "1"]
[SourceVersionDate "2012.06.22"]
[SourceQuality "1"]

1. e4 e5 2. Nf3 Nc6 3. Bb5 f5 4. d4 fxe4 5. Bxc6 dxc6 6. Nxe5 Nf6 7. Nc3 Bd6 8. Bg5 Bf5 9. Qe2 Bb4 10. 0-0 Bxc3 11. bxc3 0-0 12. Rab1 Rb8 13. Rfd1 Qe8 14. Rb2 Nd7 15. Nxd7 Qxd7 16. Rdb1 b6 17. Qe3 Rbe8 18. h3 Be6 19. Re1 Bd5 20. Bf4 Qf7 21. Bg3 Qe7 22. a4 a5 23. Ra1 Qd7 24. Rbb1 Rf7 25. Re1 h6 26. Kh2 Rfe7 27. Bh4 g5 28. Bg3 Qf5 29. Be5 c5 30. Qg3 Qd7 31. h4 g4 32. Qe3 Kh7 33. c4 cxd4 34. Bxd4 Bxc4 35. g3 c5 36. Bc3 Rf7 37. Red1 Qe6 38. Rab1 Ref8 39. Be1 Rf3 40. Qd2 e3 41. fxe3 Rxe3 42. Qd7+ Rf7 43. Qxe6 Rxe6 44. Kg1 Ba6 45. Bd2 Rd7 46. Bf4 Rxd1+ 47. Rxd1 Kg6 48. Rd6 Kf5 49. Rxe6 Kxe6 50. Bxh6 Bb7 51. Bf4 Be4 52. c3 Kd5 53. Kf2 Kc4 54. Bc7 b5 55. axb5 a4 56. b6 a3 57. Ke3 Bc6 58. h5 a2 0-1

[Event "EU-chT Seniors"]
[Site "Rogaska Slatina"]
[Date "2012.04.03"]
[Round "8.9"]
[White "Garriga Nualart, Josep"]
[Black "Olesen, Poul Erik Norgaard"]
[Result "0-1"]
[WhiteElo "2319"]
[BlackElo "2052"]
[PlyCount "82"]
[EventDate "2012.03.27"]
[EventType "team-swiss"]
[EventRounds "9"]
[EventCountry "SLO"]
[SourceTitle "CBM 147 Extra"]
[Source "ChessBase"]
[SourceDate "2012.04.24"]
[SourceVersion "1"]
[SourceVersionDate "2012.04.24"]
[SourceQuality "1"]
[WhiteTeam "Catalunya (Seniors)"]
[BlackTeam "Denmark (Seniors) II"]
[WhiteTeamCountry "ESP"]
[BlackTeamCountry "DEN"]

1. c4 Nf6 2. Nc3 g6 3. d4 Bg7 4. e4 d6 5. Be2 0-0 6. Bg5 h6 7. Bh4 c5 8. d5 e6 9. Nf3 exd5 10. cxd5 a6 11. a4 Nbd7 12. 0-0 Rb8 13. Nd2 Qc7 14. f4 Re8 15. Rc1 Nb6 16. b3 Bd7 17. Bf2 Nc8 18. b4 cxb4 19. Nb5 Qd8 20. e5 Nxd5 21. Bc4 axb5 22. Bxd5 bxa4 23. Nc4 b5 24. Nxd6 Nxd6 25. exd6 b3 26. Rc7 Be6 27. Bc6 Rf8 28. Bc5 Rc8 29. Bxb5 Rxc7 30. dxc7 Qxc7 31. Bxf8 Bxf8 32. f5 Bxf5 33. Qe2 Be6 34. Bd3 Qb6+ 35. Kh1 Bg7 36. Qe4 Qd4 37. Qa8+ Kh7 38. Qa6 a3 39. Bxg6+ Kxg6 40. Qxa3 Qc4 41. Rc1 Qxc1+ 0-1

[Event "EU-chT Seniors"]
[Site "Rogaska Slatina"]
[Date "2012.03.31"]
[Round "5.3"]
[White "Vucenovic, Dragomir"]
[Black "Garriga Nualart, Josep"]
[Result "1/2-1/2"]
[WhiteElo "2260"]
[BlackElo "2319"]
[PlyCount "162"]
[EventDate "2012.03.27"]
[EventType "team-swiss"]
[EventRounds "9"]
[EventCountry "SLO"]
[SourceTitle "CBM 147 Extra"]
[Source "ChessBase"]
[SourceDate "2012.04.24"]
[SourceVersion "1"]
[SourceVersionDate "2012.04.24"]
[SourceQuality "1"]
[WhiteTeam "Switzerland (Seniors)"]
[BlackTeam "Catalunya (Seniors)"]
[WhiteTeamCountry "SUI"]
[BlackTeamCountry "ESP"]

1. d4 Nf6 2. Nf3 g6 3. g3 Bg7 4. Bg2 0-0 5. 0-0 d6 6. c4 Nc6 7. Nc3 Bd7 8. Re1 a6 9. Rb1 Rb8 10. b4 e5 11. d5 Ne7 12. e4 h6 13. c5 Ne8 14. Be3 f5 15. Qd2 g5 16. exf5 Bxf5 17. Rb3 Qd7 18. Rc1 Bg4 19. Ne1 Nf5 20. c6 Qc8 21. b5 b6 22. bxa6 Qxa6 23. Bf1 Qc8 24. f3 Nxe3 25. Qxe3 Bf5 26. Ne4 Ra8 27. Ra3 Rxa3 28. Qxa3 Bxe4 29. fxe4 Qg4 30. Qe3 Nf6 31. Bg2 Qh5 32. Bf3 g4 33. Bg2 Qg6 34. Nd3 h5 35. Rf1 Ra8 36. Nb4 Bh6 37. Qe2 b5 38. Rf5 Ra3 39. Qb2 Be3+ 40. Kf1 Ra4 41. Ke2 Bc5 42. a3 Qh6 43. Qc3 Kg7 44. Nc2 Nxe4 45. Qd3 Nf6 46. Qxb5 Ra7 47. Rf1 Bb6 48. Qd3 Ra4 49. Rb1 e4 50. Qc3 Ba5 51. Nb4 Kg6 52. Qd4 Rxa3 53. Bxe4+ Kf7 54. Nc2 Rc3 55. Rb5 Rc5 56. Rxc5 dxc5 57. Qe3 Qxe3+ 58. Kxe3 Bb6 59. Kf4 c4 60. Ke5 Nxe4 61. Kxe4 Ke7 62. Nd4 c3 63. Ne2 c2 64. Kd3 Kd6 65. Kxc2 Kxd5 66. Nf4+ Ke5 67. Nxh5 Bg1 68. Kd3 Bxh2 69. Ke2 Bg1 70. Nf4 Ke4 71. Nh5 Bd4 72. Kd2 Be5 73. Ke2 Kd4 74. Kd2 Kd5 75. Kd3 Kxc6 76. Ke4 Kd6 77. Kf5 c5 78. Kxg4 Kd5 79. Kf3 c4 80. Ke2 Ke4 81. Nf4 Bxf4 1/2-1/2

[Event "ESP-ch Seniors 27th"]
[Site "Santa Susanna"]
[Date "2011.05.20"]
[Round "8"]
[White "Garriga Nualart, Josep"]
[Black "Monedero Gonzalez, Josep"]
[Result "1/2-1/2"]
[WhiteElo "2329"]
[BlackElo "2091"]
[PlyCount "66"]
[EventDate "2011.05.13"]
[EventType "swiss"]
[EventRounds "9"]
[EventCountry "ESP"]
[SourceTitle "CBM 142 Extra"]
[Source "ChessBase"]
[SourceDate "2011.06.27"]
[SourceVersion "1"]
[SourceVersionDate "2011.06.27"]
[SourceQuality "1"]

1. c4 e5 2. Nc3 d6 3. Nf3 Nc6 4. d4 Bg4 5. d5 Bxf3 6. gxf3 Nce7 7. f4 Ng6 8. f5 N6e7 9. e4 c6 10. Be3 Nf6 11. Be2 g6 12. fxg6 hxg6 13. Qd2 c5 14. h4 a6 15. 0-0-0 Qa5 16. f4 0-0-0 17. fxe5 dxe5 18. Rdf1 Rd6 19. Bg5 Bg7 20. h5 gxh5 21. Bxh5 Nxh5 22. Rxf7 Rg6 23. Rxe7 Rxg5 24. d6 Bh6 25. Qd5 Qb6 26. Kb1 Kb8 27. Qf7 Rhg8 28. Re8+ Rxe8 29. Qxe8+ Ka7 30. d7 Nf6 31. d8Q Nxe8 32. Qxb6+ Kxb6 33. Rxh6+ Kc7 1/2-1/2

[Event "ESP-ch Veterans"]
[Site "Benasque"]
[Date "2010.07.17"]
[Round "8"]
[White "Serra Olives, Tomas"]
[Black "Garriga Nualart, Josep"]
[Result "1-0"]
[WhiteElo "2166"]
[BlackElo "2334"]
[PlyCount "108"]
[EventDate "2010.07.10"]
[EventType "swiss"]
[EventRounds "9"]
[EventCountry "ESP"]
[SourceTitle "CBM 137 Extra"]
[Source "ChessBase"]
[SourceDate "2010.09.01"]
[SourceVersion "1"]
[SourceVersionDate "2010.09.01"]
[SourceQuality "1"]

1. e4 e5 2. Nf3 Nc6 3. Bb5 a6 4. Ba4 Nf6 5. 0-0 Be7 6. Re1 b5 7. Bb3 d6 8. c3 Bg4 9. h3 Bh5 10. d3 0-0 11. Nbd2 Na5 12. Bc2 c5 13. Nf1 Nc6 14. Ng3 Bg6 15. Nh4 Ne8 16. Nhf5 Bg5 17. a4 b4 18. Bxg5 Qxg5 19. h4 Qd8 20. Bb3 Nf6 21. Ne3 h6 22. Nd5 Rb8 23. h5 Bh7 24. Re3 Nxd5 25. Bxd5 Qd7 26. Nf1 Kh8 27. g4 f6 28. Rg3 Bg8 29. Bxc6 Qxc6 30. c4 Be6 31. b3 Rg8 32. Qd2 g5 33. hxg6 Rxg6 34. Ne3 Kg7 35. Kg2 Rh8 36. Rh1 Rg5 37. f3 Qe8 38. Rgh3 Rh7 39. Kf1 Qh8 40. Qh2 Rg6 41. Rh4 Rg5 42. Kf2 Rg6 43. Rg1 Rg5 44. Rg3 Rg6 45. Rgh3 Rg5 46. Nf5+ Bxf5 47. exf5 h5 48. Ke3 Kf8 49. Rxh5 Rhxh5 50. Rxh5 Rxh5 51. Qxh5 Qg7 52. Qg6 Qh8 53. g5 Qh4 54. Qh6+ Ke8 1-0

[Event "ESP-ch Veterans"]
[Site "Benasque"]
[Date "2010.07.10"]
[Round "1"]
[White "Garriga Nualart, Josep"]
[Black "Ritter Aguilar, Jordi"]
[Result "1-0"]
[WhiteElo "2334"]
[BlackElo "1976"]
[PlyCount "132"]
[EventDate "2010.07.10"]
[EventType "swiss"]
[EventRounds "9"]
[EventCountry "ESP"]
[SourceTitle "CBM 137 Extra"]
[Source "ChessBase"]
[SourceDate "2010.09.01"]
[SourceVersion "1"]
[SourceVersionDate "2010.09.01"]
[SourceQuality "1"]

1. c4 e6 2. e4 c5 3. Nc3 b6 4. Nf3 Bb7 5. Bd3 d6 6. 0-0 Nd7 7. Bc2 Ngf6 8. d4 cxd4 9. Nxd4 Be7 10. b3 0-0 11. Bb2 a6 12. Re1 Qc7 13. Qd3 Ne5 14. Qh3 Ng6 15. g3 h6 16. Rad1 Rac8 17. Re3 Rfd8 18. Nxe6 fxe6 19. Qxe6+ Kh8 20. Nd5 Qd7 21. Qf5 Qxf5 22. exf5 Nxd5 23. Rxd5 Bxd5 24. fxg6 Bf8 25. Bf5 Bb7 26. Bxc8 Bxc8 27. Rf3 Re8 28. Rf7 Bh3 29. f4 Kg8 30. Kf2 Re7 31. Bd4 b5 32. cxb5 axb5 33. a4 bxa4 34. Rxe7 Bxe7 35. bxa4 Bd8 36. Bc3 Bb6+ 37. Kf3 d5 38. a5 Ba7 39. g4 Bf1 40. h4 Kf8 41. Bb4+ Ke8 42. f5 Bd4 43. g5 h5 44. Kf4 Bd3 45. Bd6 Bg1 46. Ke5 Be4 47. a6 Bh2+ 48. Kd4 Bg1+ 49. Ke5 Bh2+ 50. Ke6 Bg1 51. f6 Bxg6 52. fxg7 Bf7+ 53. Kf6 Bd4+ 54. Be5 Ba7 55. g6 Bg8 56. Kg5 d4 57. Kxh5 d3 58. Bf4 Ke7 59. Kg5 Kd7 60. h5 Kc6 61. h6 Bd4 62. h7 Bxh7 63. gxh7 Bxg7 64. Kf5 Kb6 65. Ke4 Kxa6 66. Kxd3 Bh8 1-0